Loading...

Genetic control of insect pest

Bibliographic Details
Main Author: Davidson G
Format: Printed Book
Published: London Elsevier 2013
Subjects:
LEADER 00637nam a22002057a 4500
003 OSt
020 |a 9789351070689 
082 |a 632.9  |b DAV/GE 
100 |a Davidson G 
245 |a Genetic control of insect pest 
260 |a London  |b Elsevier  |c 2013 
300 |a v,158. 
546 |a English 
650 |a Sterlization by irradiation 
650 |a Chemosterilants 
650 |a Hybrid sterility 
650 |a Cytoplasmic incomatibility 
942 |2 ddc  |c BK 
999 |c 155728  |d 155728 
952 |0 0  |1 0  |2 ddc  |4 0  |6 632_900000000000000_DAVGE  |7 0  |8 Gen  |9 154766  |a KAUCLV  |b KAUCLV  |c GENERAL  |d 2017-06-13  |g 1595.00  |o 632.9 DAV/GE  |p 227367  |r 2017-06-13  |w 2017-06-13  |y BK